00522 2200193 4500001002100000005001500021035002000036007000300056008004100059020002200100082001000122084001600132100001800148245005100166260003100217300003000248650003400278990001600312INLIS00000000000735320241010014716 a0010-1024000036ta241010 0 ind  a978-602-241-056-0 a658.3 a658.3 WIL m0 aWilson bangun1 aManajemen sumber daya manusia /cWilson bangun aJakarta :bErlangga,c2012 aix,420p :bilus ;c20,3cm 4aManajemen sumber daya manusia a00000012703